000 00691nam a2200241Ia 4500
003 OSt
005 20220926005534.0
006 a|||||r|||| 00| 0
007 ta
008 220923b |||||||| |||| 00| 0 eng d
037 _cGeneral Book
040 _aRTL
_cRTL
_beng
041 _2eng
_aeng
082 _aY57.213.N6, L1
100 _aVenkatarayappa K N
_9135523
245 0 _aSlums
_b a study in urban problem
260 _a New Delhi
_bSterling Publishers
_c1971
300 _a105p
_ccm.
500 _aAppendix P 91-102; Index:p103-05
650 _aSlums
_9241589
942 _hY57.213.N6, L1
_cGB
_2CC
999 _c614175
_d614175